| 000 | 01947cam a22005057a 4500 | ||
|---|---|---|---|
| 001 | 14389844 | ||
| 003 | OSt | ||
| 005 | 20251214100209.0 | ||
| 008 | 060525s2006 gw a b 001 0 eng d | ||
| 010 | _a 2006928047 | ||
| 015 |
_aGBA669152 _2bnb |
||
| 016 | 7 |
_a013520465 _2Uk |
|
| 020 |
_a354035994X _qpbk. |
||
| 020 | _a9783540359944 | ||
| 035 | _a14389844 | ||
| 035 | _a(CStRLIN)NYCXV5855851-B | ||
| 035 | _a(NIC)5855851 | ||
| 040 |
_aOL$ _cOL$ _dUKM _dBAKER _dDLC |
||
| 042 | _alccopycat | ||
| 050 | 0 | 0 |
_aTK7881.25 _b.D47 2006 |
| 082 | 0 | 4 |
_a643.6 D47 2006 _222 |
| 082 | 0 | 4 |
_a006.3 _222 |
| 245 | 0 | 0 |
_aDesigning smart homes : _bthe role of artificial intelligence / _cJuan Carlos Augusto, Chris D. Nugent (eds.). |
| 260 |
_aBerlin ; _aNew York : _bSpringer, _cc2006. |
||
| 300 |
_ax, 182 p. : _bill. ; _c24 cm. |
||
| 336 |
_atext _btxt _2rdacontent |
||
| 337 |
_aunmediated _bn _2rdamedia |
||
| 338 |
_avolume _bnc _2rdacarrier |
||
| 490 | 1 |
_aLecture notes in computer science ; _v4008. _aLecture notes in artificial intelligence |
|
| 504 | _aIncludes bibliographical references and index. | ||
| 650 | 0 | _aHome automation. | |
| 650 | 0 | _aTechnological innovations. | |
| 650 | 0 |
_aDwellings _xElectric equipment. |
|
| 700 | 1 | _aAugusto, Juan Carlos. | |
| 700 | 1 | _aNugent, Chris D. | |
| 830 | 0 |
_aLecture notes in computer science ; _v4008. |
|
| 830 | 0 |
_aLecture notes in computer science. _pLecture notes in artificial intelligence. |
|
| 856 | 4 | 1 |
_3Table of contents only _uhttp://www.loc.gov/catdir/toc/fy0709/2006928047.html |
| 856 | 4 | 2 |
_3Publisher description _uhttp://www.loc.gov/catdir/enhancements/fy0661/2006928047-d.html |
| 906 |
_a7 _bcbc _ccopycat _d2 _eepcn _f20 _gy-gencatlg |
||
| 942 |
_2ddc _cBK-EN _n0 |
||
| 999 |
_c8307 _d8307 |
||